000
00292nam a2200109Ia 4500
008
171205s9999 xx 000 0 und d
020
_a
9781635495652
100
_a
Ballard, Desmond.
245
_c
Desmond Ballard
_a
Discrete Mathematics
260
_b
Larsen & Keller
_c
2017
300
_a
301 pages
999
_c
347367
_d
347367